"Belgium" In All Featured Languages - Statistics

General Stats
  • This quiz has been taken 26 times
  • The average score is 5 of 9
Answer Stats
Language Name % Correct
English Belgium
100%
German Belgien
74%
French Belgique
74%
Spanish Bélgica
63%
Dutch België
63%
Polish Belgia
53%
Portuguese Bélgica
37%
Finnish Belgia
26%
Italian Belgio
26%
No matching quizzes found
Score Distribution
Percent of People with Each Score
Percentile by Number Answered
Your Score History
You have not taken this quiz